00476nam a2200193 a 4500001001300000003000900013005001700022008004100039020002300080082001400103100001700117245002400134260004000158300000900198500003500207505001000242650001300252700001700265nice12345678IN_TiNIC20260116014708.0110106s2010 newa grp 000 0 eng  a9789380096964c79500a190bWAL1 aWalia, Mohit aHumanism and Ethics aNew Delhi bAlfa Publication c2010 a292p aincludes index and biblioraphy2 aIndex aHumanism1 aWalia, Mohit